000 00390cam a22001217a 4500
008 180718b1988 xxu||||| |||| 00| 0 eng d
082 _aY1182x5442 Sa83
100 _aSatpute, T.G.
245 _aIrrigation management in command area: a study of Jayakwadi irrigation project
_cby T.G. Satpute
260 _aDelhi
_bMittal
_c1988
300 _a175p.
650 _aIrrigation - India - Maharashtra
999 _c353664
_d353664